000 00587nmm a2200193Ia 4500
008 251105s9999||||xx |||||||||||||||||und||
020 _a9788431541286
041 _aspa
100 _aOlivier, Philippe
245 0 _aEl gran libro de los ángeles
264 _a[Madrid, España] :
_bDe Vecchi,
_c[Fecha de publicación no identificada]
300 _a0 páginas
650 _aMind, body and spirituality
700 _aOlivier, Philippe
700 1 _a Penna, Aurelio
700 1 _a E. Guastalla, Surabhi
856 _uhttps://public.digitaliapublishing.com/a/123554
942 _cCF
999 _c69500
_d69500